110+ in GS 2: (Record no. 192246)

MARC details
000 -LEADER
fixed length control field 00792nam a22002417a 4500
005 - DATE AND TIME OF LATEST TRANSACTION
control field 20250408165304.0
010 ## - LCCN (DPL NO)
LC control number ENG-144533 B-745523
020 ## - INTERNATIONAL STANDARD BOOK NUMBER
International Standard Book Number 9788193917152
Terms of availability 295.00
020 ## - INTERNATIONAL STANDARD BOOK NUMBER
Terms of availability 350.00
035 ## - SYSTEM CONTROL NUMBER
System control number B-745523
035 ## - SYSTEM CONTROL NUMBER
System control number EN-128065
037 ## - SOURCE OF ACQUISITION
Source of stock number/acquisition OakBridge
037 ## - SOURCE OF ACQUISITION
Source of stock number/acquisition DBAD
100 ## - MAIN ENTRY--PERSONAL NAME
Personal name Jindal, Manuj
245 ## - TITLE STATEMENT
Title 110+ in GS 2:
Remainder of title For Civil Services Main Examination/
Statement of responsibility, etc Manuj Jindal
260 ## - PUBLICATION, DISTRIBUTION, ETC. (IMPRINT)
Place of publication, distribution, etc Haryana
Name of publisher, distributor, etc OakBridge Publishing
Date of publication, distribution, etc 2019
270 ## - ADDRESS
Address M 35, 1st Floor, Old DLF, Gurugram,
City Haryana
Postal code 122001
Telephone number 91 1244305970
Electronic mail address info@oakbridge.in
300 ## - PHYSICAL DESCRIPTION
Extent 303p
Dimensions 24cm.(pbk)
500 ## - GENERAL NOTE
General note Contains Appendix
505 ## - FORMATTED CONTENTS NOTE
Formatted contents note
942 ## - ADDED ENTRY ELEMENTS (KOHA)
Source of classification or shelving scheme Dewey Decimal Classification
Item type English Books
Call number suffix JIN
Classification part 000
Holdings
Withdrawn status Lost status Not for loan Collection code Home library Current library Date acquired Source of acquisition Cost, normal purchase price Full call number Barcode Copy number Cost, replacement price Koha item type Public note
      Non-fiction Janak Puri Janak Puri 08/04/2025 Delivery of Books Act Division 350.00 JIN 000 EN-128065 1 350.00 English Books  
      Non-fiction Kadipur Kadipur 19/09/2022 5.9.22/Gift 295.00 000 JIN B-745523 1 295.00 English Books Gift

© Delhi Public Library
Hit Counter
free hit counter